000 00392nam a2200145Ia 4500
008 230411s9999 xx 000 0 und d
020 _a0-7279-1238-0
041 _aeng
082 _aP/615.13/NOR/B03759
100 _aNorthern Neonatal Network
_9177908
245 _aNeonatal formulary
260 _bBMJ Publishing Group
_aLondon
_c1998
300 _a270p
999 _c154571
_d154571